| 000 | 00550nam a2200193Ia 4500 | ||
|---|---|---|---|
| 003 | OSt | ||
| 005 | 20250723122103.0 | ||
| 008 | 210210b1999 xxu||||| |||| 00| 0 eng d | ||
| 040 | _cAL | ||
| 041 | _aKannada | ||
| 082 | _aK894.1 NAYK | ||
| 100 |
_aNAYAKA RUPASINGA G _989204 _d ನಾಯಕ ರೂಪಸಿಂಗ ಜಿ |
||
| 245 |
_aKappumannina mukha. _bಕಪ್ಪುಮಣ್ಣಿನ ಮುಖ |
||
| 260 |
_aBijapura _bNayaka Rupasinga Ji _c1999 |
||
| 300 | _a55 | ||
| 690 |
_aKannada Poetry _989205 |
||
| 906 | _a054306 | ||
| 942 |
_2ddc _cBK |
||
| 999 |
_c102173 _d102173 |
||